Introduction to management / (Record no. 211546)
[ view plain ]
| 000 -LEADER | |
|---|---|
| fixed length control field | 02423nam a2200253Ia 4500 |
| 003 - CONTROL NUMBER IDENTIFIER | |
| control field | OSt |
| 005 - DATE AND TIME OF LATEST TRANSACTION | |
| control field | 20260305173447.0 |
| 008 - FIXED-LENGTH DATA ELEMENTS--GENERAL INFORMATION | |
| fixed length control field | 210716s2019 xx 000 0 und d |
| 020 ## - INTERNATIONAL STANDARD BOOK NUMBER | |
| International Standard Book Number | 9788126558186 |
| 040 ## - CATALOGING SOURCE | |
| Transcribing agency | AIMIT LIBRARY |
| 041 ## - LANGUAGE CODE | |
| Language code of text/sound track or separate title | eng |
| 082 ## - DEWEY DECIMAL CLASSIFICATION NUMBER | |
| Classification number | 658 |
| Edition number | 13 |
| Item number | SCHJ |
| 100 ## - MAIN ENTRY--PERSONAL NAME | |
| Personal name | Schermerhorn, John R. |
| 9 (RLIN) | 24025 |
| 245 ## - TITLE STATEMENT | |
| Title | Introduction to management / |
| Statement of responsibility, etc. | By John R Schermerhorn and Daniel G Bachrach. |
| 250 ## - EDITION STATEMENT | |
| Edition statement | 13th ed. |
| Remainder of edition statement | International Student Version |
| 260 ## - PUBLICATION, DISTRIBUTION, ETC. | |
| Place of publication, distribution, etc. | New Delhi : |
| Name of publisher, distributor, etc. | Wiley India Pvt Ltd , |
| Date of publication, distribution, etc. | 2019 . |
| 300 ## - PHYSICAL DESCRIPTION | |
| Extent | xxii,522p. ; |
| Dimensions | 26 cm. |
| 500 ## - GENERAL NOTE | |
| General note | We’ve got you covered for your Principles of Management course with Schermerhorn/Bachrach, Introduction to Management 13th Edition. With new cases, more opportunities for self-assessment and the Management Weekly Updates news blog, the text and its comprehensive suite of resources promote critical thinking and active learning. Thoroughly updated while maintaining its trusted balance of concepts and applications, Introduction to Management 13th Edition presents the most current material to apply theory and show relevance of management concepts in the real world—for students to succeed in your management course and beyond. |
| 504 ## - BIBLIOGRAPHY, ETC. NOTE | |
| Bibliography, etc. note | Part One Management<br/><br/>1 The Management Process <br/><br/>2 History of Management Thought <br/><br/>3 Ethical Behavior and Social Responsibility <br/><br/>Part Two Environment<br/><br/>4 External Environment and Organizational Culture <br/><br/>5 International Management <br/><br/>6 Entrepreneurship and Small Business Management <br/><br/>Part Three Planning and Controlling<br/><br/>7 The Decision-Making Process <br/><br/>8 Fundamentals of Planning <br/><br/>9 Fundamentals of Control <br/><br/>10 The Strategic Management Process<br/><br/>Part Four Organizing<br/><br/>11 Fundamentals of Organizing <br/><br/>12 Organizational Change and Development <br/><br/>13 Human Resource Management <br/><br/>Part Five Leading<br/><br/>14 Essentials of Leadership <br/><br/>15 Foundations of Individual Behavior <br/><br/>16 Motivation Theory and Practice <br/><br/>17 Teams and Teamwork <br/><br/>18 Communication, Conflict and Negotiation <br/><br/>Management Cases for Critical Thinking<br/><br/>Chapter Cases <br/><br/>Self-Test Answers <br/><br/>Glossary <br/><br/>Endnotes <br/><br/>Organizational Index <br/><br/>Name Index <br/><br/>Subject Index |
| 650 ## - SUBJECT ADDED ENTRY--TOPICAL TERM | |
| Topical term or geographic name entry element | International Management. |
| 9 (RLIN) | 24026 |
| 650 ## - SUBJECT ADDED ENTRY--TOPICAL TERM | |
| Topical term or geographic name entry element | Entrepreneurship and Small Business Management. |
| 9 (RLIN) | 24027 |
| 700 ## - ADDED ENTRY--PERSONAL NAME | |
| Personal name | Bachrach, Daniel G. |
| 9 (RLIN) | 24028 |
| 942 ## - ADDED ENTRY ELEMENTS (KOHA) | |
| Source of classification or shelving scheme | Dewey Decimal Classification |
| Koha item type | Book |
| Edition | 13th |
| Call number prefix | 658 SCHJ |
| Withdrawn status | Lost status | Source of classification or shelving scheme | Damaged status | Not for loan | Collection code | Home library | Current library | Shelving location | Date acquired | Cost, normal purchase price | Inventory number | Total Checkouts | Full call number | Barcode | Date last seen | Cost, replacement price | Price effective from | Koha item type | Source of acquisition |
|---|---|---|---|---|---|---|---|---|---|---|---|---|---|---|---|---|---|---|---|
| Dewey Decimal Classification | MBA | St Aloysius Institute of Management & Information Technology | St Aloysius Institute of Management & Information Technology | Management | 03/19/2020 | 849.00 | Bill no:931; Bill dt:2020-03-16 | 658 SCHJ | MBA14115 | 05/23/2026 | 636.75 | 07/16/2021 | Book | ||||||
| Dewey Decimal Classification | MBA | St Aloysius Institute of Management & Information Technology | St Aloysius Institute of Management & Information Technology | Management | 03/19/2020 | 1089.00 | BillnoSKP4043;Billdt:2026-2-2 | 658 SCHJ | MBA15263 | 05/23/2026 | 816.75 | 02/20/2026 | Book | SK Publishers & Distributors |